| 000 | 00700 a2200181 4500 | ||
|---|---|---|---|
| 005 | 20190806102649.0 | ||
| 008 | 190607b2003 sp ||||| |||| 00| 0 spa d | ||
| 020 | _a2201049633534 | ||
| 040 |
_aCO-BoUCM _bspa _cOscar Ávila (modificó) _dOscar Ávila (modificó) |
||
| 041 | 0 | _aspa | |
| 100 | 1 | 0 |
_aFernández Segado, Francisco _996631 |
| 245 | 1 | 3 |
_aLa constitución de 1978 y el constitucionalismo Iberoamericano _cFrancisco Fernández Segado |
| 260 |
_bMinisterio de la presidencia _c2003 _aMadrid _g2003 |
||
| 650 | 7 |
_aDerecho constitucional _zEspaña _935410 |
|
| 700 | 1 | 0 |
_aSilva, José Afonso da _996218 |
| 942 |
_cLIBRO _2DEWEY _a6 _e1 _h342.46 _mF365c _n0 |
||
| 999 |
_c313034 _d313034 |
||